13 colonies and Their Founders - Statistics

General Stats
  • This quiz has been taken 307 times
  • The average score is 10 of 12
Answer Stats
Date Founded ADMITTED Founder Colony % Correct
3 1664 07/26/1788 Duke of York New York
93%
13 1607 06/25/1788 London Company Virginia
92%
6 1653 11/21/1789 Virginians North Carolina
86%
2 1682 12/12/1787 William Penn Pennsylvania
86%
8 1636 05/29/1790 Roger Williams Rhode Island
85%
5 1663 05/23/1788 Eight Nobles With A Royal Charter From Charles II South Carolina
84%
10 1634 04/28/1788 Lord Baltimore Maryland
83%
4 1664 12/18/1787 Lord Berkeley and Sir George Carteret New Jersey
80%
12 1620 02/06/1788 Puritans Massachusetts
79%
7 1638 12/07/1787 Peter Minuit & New Sweden Company Delaware
76%
11 1623 06/21/1788 John Wheelwright New Hampshire
76%
9 1635 01/09/1788 Thomas Hooker Connecticut
75%
No matching quizzes found
Score Distribution
Percent of People with Each Score
Percentile by Number Answered
Your Score History
You have not taken this quiz